Estudio de las corrientes de cortocircuito del sistema de distribución de Coopeguanacaste R.L por medio del software ETAP

Gespeichert in:
Bibliographische Detailangaben
1. Verfasser: Cascante Sánchez, Carlos Andres
Format: Buch
Sprache:Spanish
Veröffentlicht: [San José, Costa Rica] 2011
Schlagworte:
Tags: Tag hinzufügen
Keine Tags, Fügen Sie den ersten Tag hinzu!

MARC

LEADER 00000nam a22000007a 4500
003 010634
005 20221231143933.0
008 151111b2011 cr a|||| |||| 00| 0 spa d
040 |c cru CEDI 
090 |a TFG 6466 
100 |9 2253  |a Cascante Sánchez, Carlos Andres  
245 |a  Estudio de las corrientes de cortocircuito del sistema de distribución de Coopeguanacaste R.L por medio del software ETAP 
260 |a [San José, Costa Rica]  |c 2011 
500 |a "IE - 0502 Proyecto Eléctrico" Proyecto de graduación (bachillerato en ingeniería)--Universidad de Costa Rica. Facultad de Ingeniería. Facultad de Ingeniería Eléctrica 
650 |x CORTOCIRCUITOS   |x CORRIENTES ELECTRICAS  |x DISTRIBUCION DE ENERGIA ELECTRICA  |x LINEAS ELECTRICAS  |x DISPOSITIVOS DE DISTRIBUCION   |x COOPEGUANACASTE R.L. (COSTA RICA)   |9 2254 
942 |c TFG 
999 |c 14484  |d 14484